[Event "ch-Commonwealth"]
[Site "Mumbai IND"]
[Date "2004.01.17"]
[Round "8"]
[White "Coleman,J"]
[Black "Sengupta,D"]
[Result "0-1"]
[WhiteElo "2193"]
[BlackElo "2349"]
[EventDate "2004.01.10"]

1. d4 e6 2. Nf3 Nf6 3. c3 c5 4. Bg5 cxd4 5. cxd4 Bb4+ 6. Nbd2 h6 7. Bxf6
Qxf6 8. e3 O-O 9. Bd3 d5 10. O-O Nc6 11. Rc1 g6 12. Nb3 Bd6 13. Bb5 Ne7 14.
Nc5 a6 15. Ba4 Qg7 16. Re1 g5 17. e4 Bf4 18. Rc2 dxe4 19. Nxe4 b5 20. Bb3
Rd8 21. Ng3 Bb8 22. Qe2 Ra7 23. Rd1 Bxg3 24. hxg3 Bb7 25. Ne5 Bd5 26. Bxd5
Rxd5 27. Qe4 Qh7 28. Qxh7+ Kxh7 29. Ng4 Kg7 30. Ne3 Rd6 31. Rcd2 Rad7 32.
f4 Nd5 33. Nxd5 Rxd5 34. Kf2 Kg6 35. Ke3 f6 36. Rc1 R7d6 37. Rc5 h5 38.
Rxd5 Rxd5 39. Rc2 Kf5 40. Rc6 a5 41. Ra6 b4 42. Rc6 e5 43. dxe5 fxe5 44.
fxg5 Kxg5 45. Rc2 Kg4 46. Kf2 e4 47. Ke3 Kxg3 48. Kxe4 Rg5 49. a3 bxa3 50.
bxa3 h4 51. Rb2 Kh2 52. Kf4 Rxg2 53. Rb5 a4 54. Kf3 Rg3+ 55. Kf2 Rxa3 56.
Ra5 Ra2+ 57. Kf1 Kg3 58. Rg5+ Kh2 59. Rg8 a3 60. Ra8 h3 61. Ra7 Ra1+ 62.
Kf2 a2 63. Ra3 Rg1 0-1

[Event "ch-Commonwealth"]
[Site "Mumbai IND"]
[Date "2004.01.17"]
[Round "8"]
[White "Prathamesh,S"]
[Black "Sharma,Vi"]
[Result "1/2-1/2"]
[WhiteElo "2343"]
[BlackElo "2208"]
[EventDate "2004.01.10"]

1. e4 c5 2. Nf3 Nc6 3. d4 cxd4 4. Nxd4 Nf6 5. Nc3 e5 6. Ndb5 d6 7. Nd5 Nxd5
8. exd5 Nb8 9. c4 a6 10. Nc3 Be7 11. Bd3 O-O 12. O-O f5 13. f4 Nd7 14. Be3
exf4 15. Bxf4 Ne5 16. c5 Qa5 17. cxd6 Bxd6 18. Kh1 Bd7 19. Qb3 Qd8 20. Ne2
Qf6 21. Bxe5 Bxe5 22. Ng1 b5 23. Rab1 Rad8 24. Nf3 Bb8 25. a4 bxa4 26. Qb7
Be8 27. Qxa6 Rd6 28. Qc4 Kh8 29. Bxf5 Qh6 30. Qc8 Rxd5 31. Rbe1 Qd6 1/2-1/2

[Event "ch-Commonwealth"]
[Site "Mumbai IND"]
[Date "2004.01.17"]
[Round "8"]
[White "Aswin,J"]
[Black "Safin,S"]
[Result "0-1"]
[WhiteElo "2127"]
[BlackElo "2528"]
[EventDate "2004.01.10"]

1. e4 e5 2. Nf3 Nc6 3. Bb5 a6 4. Ba4 d6 5. c3 Bd7 6. O-O Nge7 7. Re1 Ng6 8.
d4 Be7 9. Nbd2 O-O 10. Nf1 exd4 11. Nxd4 Bf6 12. Nxc6 bxc6 13. Ng3 Rb8 14.
Nh5 Be7 15. f4 Re8 16. Bb3 Bf8 17. Ng3 a5 18. Be3 d5 19. e5 Nh4 20. Qd3 g6
21. Rad1 Nf5 22. Nxf5 Bxf5 23. Qa6 Re6 24. Rd2 f6 25. exf6 Qxf6 26. Rde2
Bg4 27. Bd4 Bxe2 28. Bxf6 Bxa6 29. Rxe6 Bd6 30. Bd4 Kf7 31. f5 Bd3 32. Rf6+
Ke7 33. fxg6 hxg6 34. Rf2 c5 35. Be3 c4 36. Ba4 Ke6 37. Bc6 Be5 0-1

[Event "ch-Commonwealth"]
[Site "Mumbai IND"]
[Date "2004.01.17"]
[Round "8"]
[White "Sivanandan,B"]
[Black "Vinuthna,N"]
[Result "1-0"]
[WhiteElo "2340"]
[BlackElo "2094"]
[EventDate "2004.01.10"]

1. e4 c5 2. b3 Nc6 3. Bb2 e5 4. Bb5 Nge7 5. Nf3 d6 6. Nc3 g6 7. h4 Bg4 8.
Nd5 Bg7 9. Ne3 Bd7 10. h5 a6 11. h6 Bf8 12. Bxc6 Bxc6 13. Qe2 Ng8 14. Nd5
Bxh6 15. Nxe5 dxe5 16. Bxe5 f6 17. Nc7+ Ke7 18. Bg3 Rc8 19. Nd5+ Kf7 20.
Nc3 Qe7 21. O-O-O Bg7 22. f4 f5 23. e5 Qe6 24. d4 cxd4 25. Rxd4 Bf8 26.
Rhd1 Bc5 27. Bh4 Nh6 28. Rd6 Ba3+ 29. Kb1 Bxd6 30. Rxd6 Qe8 31. Qc4+ Kf8
32. Rf6+ Kg7 33. Re6 Qf7 34. Re7 Bxg2 35. Bf6+ 1-0

[Event "ch-Commonwealth"]
[Site "Mumbai IND"]
[Date "2004.01.17"]
[Round "8"]
[White "Sai,Sr"]
[Black "Abhishek,K"]
[Result "1-0"]
[WhiteElo "2264"]
[BlackElo "2014"]
[EventDate "2004.01.10"]

1. e4 e5 2. Nf3 Nc6 3. Bb5 a6 4. Ba4 Nf6 5. O-O Be7 6. Re1 b5 7. Bb3 O-O 8.
a4 Bb7 9. c3 d6 10. d3 h6 11. Nbd2 Re8 12. Nf1 Bf8 13. Ng3 Ne7 14. d4 Ng6
15. Bc2 c5 16. d5 Ne7 17. Qe2 Qd7 18. b3 bxa4 19. Rxa4 Ra7 20. Bd2 g6 21.
Bd3 Rea8 22. Rea1 Qc8 23. b4 Nd7 24. b5 Nb6 25. Ra5 c4 26. Bb1 Qc7 27. Be3
Nec8 28. bxa6 Rxa6 29. Rxa6 Rxa6 30. Rxa6 Bxa6 31. Qd2 Kh7 32. Qa2 Qb7 33.
Nd2 Bb5 34. Ne2 Be7 35. Kf1 Bg5 36. Bxg5 hxg5 37. g4 f6 38. Ke1 Kg7 39. f3
Kf7 1-0

[Event "ch-Commonwealth"]
[Site "Mumbai IND"]
[Date "2004.01.17"]
[Round "8"]
[White "Chokshi,M"]
[Black "Udeshi,A"]
[Result "0-1"]
[WhiteElo "2248"]
[BlackElo "1952"]
[EventDate "2004.01.10"]

1. e4 d5 2. exd5 Qxd5 3. Nc3 Qa5 4. d4 Nf6 5. Bc4 c6 6. Nge2 Bf5 7. O-O e6
8. Bf4 Be7 9. Ng3 Bg6 10. Re1 O-O 11. Qe2 Nbd7 12. a3 Qb6 13. Qd2 Rac8 14.
b4 Rfe8 15. Bb3 Nd5 16. Nce4 Nxf4 17. Qxf4 Nf6 18. Nc5 Nd5 19. Qf3 Qc7 20.
Rad1 Rcd8 21. c4 Nf6 22. Nce4 b5 23. Nc5 bxc4 24. Bxc4 Nd5 25. Nge4 Qf4 26.
Qb3 Bf5 27. Nd3 Qb8 28. Ne5 Bxe4 29. Rxe4 Bd6 30. Rde1 Bxe5 31. dxe5 c5 32.
b5 Nb6 33. a4 Nxc4 34. Qxc4 Qb6 35. h4 Rd5 36. h5 h6 37. R1e3 Red8 38. Rg3
Rd4 39. Qe2 Rxe4 40. Qxe4 Qa5 41. Kh2 Rd4 42. Qa8+ Kh7 43. Qf3 Rh4+ 44. Rh3
Rxh3+ 45. Kxh3 Qc7 46. Qe4+ g6 47. f4 Qd7 48. g3 Qd1 49. hxg6+ fxg6 50.
Qb7+ Kh8 51. Qb8+ Kh7 52. Qxa7+ Kh8 53. Qa8+ Kh7 54. Qb7+ Kh8 55. Qe4 Qf1+
56. Kg4 Qd1+ 57. Kh4 Qh5+ 0-1

[Event "ch-Commonwealth"]
[Site "Mumbai IND"]
[Date "2004.01.17"]
[Round "8"]
[White "Lakshmi,Pra"]
[Black "Russell,MKA"]
[Result "1/2-1/2"]
[WhiteElo "1970"]
[BlackElo "2219"]
[EventDate "2004.01.10"]

1. e4 c5 2. Nc3 a6 3. f4 Nc6 4. Nf3 e6 5. d4 cxd4 6. Nxd4 Qb6 7. Nxc6 Qxc6
8. Bd3 Bc5 9. Qg4 Kf8 10. Bd2 b5 11. e5 d5 12. h4 Ne7 13. h5 Nf5 14. Ne2
Qb6 15. Qf3 Bd7 16. g4 Nd4 17. Nxd4 Bxd4 18. c3 Bc5 19. f5 exf5 20. gxf5
Re8 21. e6 Bc6 22. O-O-O h6 23. exf7 Re7 24. f6 Rxf7 25. fxg7+ Kxg7 26.
Qg4+ Kf8 27. Qc8+ Kg7 28. Qg4+ Kf8 29. Rhf1 Bf2 30. Bg6 Bd7 31. Qg2 Rf6 32.
Qxd5 Bg4 33. Qe5 Bxd1 34. Qe8+ Kg7 35. Qe7+ Kg8 36. Qe8+ Rf8 37. Qe5 Bf3
38. Rxf2 Qxf2 39. Qe6+ Kg7 40. Qe7+ Kg8 41. Qe6+ 1/2-1/2

[Event "ch-Commonwealth"]
[Site "Mumbai IND"]
[Date "2004.01.17"]
[Round "8"]
[White "Joshi,SG"]
[Black "Sinha,Ab"]
[Result "1/2-1/2"]
[WhiteElo "2211"]
[BlackElo "1994"]
[EventDate "2004.01.10"]

1. e4 c6 2. c4 d5 3. exd5 cxd5 4. cxd5 Qxd5 5. Nc3 Qd6 6. d4 e6 7. Nf3 Nf6
8. Be2 Bd7 9. O-O Be7 10. Ne5 O-O 11. Bf4 Qb6 12. Rc1 Bc6 13. Bd3 Rd8 14.
Be3 Bd5 15. Nxd5 exd5 16. Rc3 Nbd7 17. Qc2 Bb4 18. Rb3 Qd6 19. Bg5 Rac8 20.
Qb1 h6 21. Nxd7 hxg5 22. Nxf6+ gxf6 23. Bf5 Rc4 24. Rd1 Re8 25. a3 Ba5 26.
Rxb7 Rxd4 27. b4 Rxd1+ 28. Qxd1 Bb6 29. g3 Qe5 30. Bd3 Qe1+ 31. Qxe1 Rxe1+
32. Kg2 Ra1 33. Rd7 Rxa3 34. Rxd5 Ra2 35. Rf5 Rd2 36. Bc4 Rd4 37. Ba2 Kg7
38. b5 Rb4 39. h3 Kg6 40. g4 Bd4 41. Bd5 Be5 42. Bc6 Rc4 43. Rf3 a6 44. Ra3
axb5 45. Bxb5 Rc7 46. Bd3+ 1/2-1/2

[Event "ch-Commonwealth"]
[Site "Mumbai IND"]
[Date "2004.01.17"]
[Round "8"]
[White "Thipsay,B"]
[Black "Syed,N"]
[Result "1-0"]
[WhiteElo "2231"]
[BlackElo "2083"]
[EventDate "2004.01.10"]

1. e4 e5 2. Nf3 Nc6 3. Bb5 a6 4. Ba4 Nf6 5. d3 b5 6. Bb3 Be7 7. O-O O-O 8.
a4 b4 9. Bd5 Nxd5 10. exd5 Nd4 11. Nxe5 d6 12. Nc4 Bf6 13. Ne3 Nf5 14. c4
bxc3 15. bxc3 Nh4 16. Bd2 Rb8 17. Na3 Bb7 18. Rb1 Ng6 19. Rb4 Ba8 20. Qb3
Nf4 21. c4 Rxb4 22. Bxb4 Be5 23. g3 Qg5 24. Ba5 c6 25. Nac2 cxd5 26. Nxd5
Nxd5 27. cxd5 Bf6 28. Nb4 h5 29. h4 Qf5 30. Qc4 Re8 31. Nc6 Re5 32. Nxe5
Bxe5 33. Qe4 Qc8 34. Kh2 f5 35. Qc4 Qb7 36. Rc1 Kh7 37. d4 Bf6 38. Qc6 Qa7
39. Qe8 g6 40. Rc7+ Qxc7 41. Bxc7 Bxd5 42. Qd7+ Bg7 43. Bxd6 Kh8 44. Be5
Bxe5 45. dxe5 1-0

[Event "ch-Commonwealth"]
[Site "Mumbai IND"]
[Date "2004.01.17"]
[Round "8"]
[White "Rajadharshini,M"]
[Black "Gokhale,A"]
[Result "0-1"]
[WhiteElo "2037"]
[BlackElo "2218"]
[EventDate "2004.01.10"]

1. e4 e5 2. Nf3 Nc6 3. Bc4 Bc5 4. c3 Nf6 5. d4 exd4 6. e5 d5 7. Bb5 Ne4 8.
cxd4 Bb4+ 9. Bd2 Nxd2 10. Nbxd2 O-O 11. O-O Nb8 12. a3 Be7 13. Qc2 c6 14.
Bd3 g6 15. b4 a5 16. b5 a4 17. Nb1 Qa5 18. Nc3 Be6 19. bxc6 bxc6 20. Rfb1
Nd7 21. Ne2 Rfc8 22. Nf4 Nf8 23. Rb7 Ra7 24. Qb2 Bg4 25. Qb6 Qxb6 26. Rxb6
Nd7 27. Rbb1 Bxf3 28. gxf3 Rb8 29. Rxb8+ Nxb8 30. Bc2 Nd7 31. Bd1 Nb6 32.
Ne2 Nc4 33. Nc3 Bxa3 34. Nxa4 Bb2 35. Rb1 Bxd4 36. f4 Kg7 37. Rb8 g5 38.
fxg5 Nxe5 39. Kg2 Nd3 40. f3 Re7 41. Rb3 Nf4+ 42. Kg3 Be5 43. Kg4 Ne6 44.
h4 f5+ 45. gxf6+ Kxf6 46. h5 Rg7+ 47. Kh3 Nf4+ 48. Kh4 Ng2+ 49. Kh3 Nf4+
50. Kh4 Ke6 51. Nc5+ Kd6 52. Nd3 Bf6+ 0-1

[Event "ch-Commonwealth"]
[Site "Mumbai IND"]
[Date "2004.01.17"]
[Round "8"]
[White "Nambiar,V"]
[Black "Himanshu,K"]
[Result "1-0"]
[WhiteElo "2180"]
[BlackElo "2076"]
[EventDate "2004.01.10"]

1. e4 c5 2. Nf3 e6 3. b4 cxb4 4. d4 Nf6 5. Bd3 d5 6. e5 Ne4 7. O-O Nc6 8.
a3 Nc3 9. Nxc3 bxc3 10. Qe1 Qa5 11. Rb1 a6 12. Rb3 h6 13. Rxc3 Bd7 14. Bd2
Qd8 15. Rb3 b5 16. Bc3 Be7 17. Qd2 Qc7 18. Ne1 g6 19. f4 Qa7 20. Nf3 Qc7
21. Ra1 Qd8 22. Rb2 Qc7 23. Rba2 Qd8 24. Bb4 Nxb4 25. axb4 Qb6 26. c3 Bc6
27. g4 Kd7 28. Qf2 Bb7 29. Nd2 Kc7 30. Nb3 Rag8 31. Nc5 Bxc5 32. dxc5 Qc6
33. Qd4 h5 34. g5 Ra8 35. h4 Rhd8 36. Be2 Rh8 37. Bf3 Rhd8 38. Kf2 Qd7 39.
Kg3 Qc6 40. Re2 Rh8 41. Ra5 Rad8 42. Re1 Rhe8 43. Rb1 Rd7 44. Rb2 Rb8 45.
Kf2 Re8 46. Ke3 Red8 47. c4 dxc4 48. Qd6+ Qxd6 49. exd6+ Kc8 50. Rba2 Bxf3
51. Kxf3 Ra7 52. Rxa6 Rxa6 53. Rxa6 Rd7 54. Ra5 Kb7 55. Ke4 Rd8 56. Rxb5+
Kc6 57. Rb6+ Kd7 58. b5 Rc8 59. Rb7+ Kd8 60. c6 Ra8 61. Rxf7 1-0

[Event "ch-Commonwealth"]
[Site "Mumbai IND"]
[Date "2004.01.17"]
[Round "8"]
[White "Priyadharshan,K"]
[Black "Nikhilesh,K"]
[Result "1-0"]
[WhiteElo "2052"]
[BlackElo "2261"]
[EventDate "2004.01.10"]

1. e4 c5 2. Nc3 Nc6 3. g3 g6 4. Bg2 Bg7 5. d3 d6 6. Be3 Nd4 7. Qd2 Rb8 8.
Nd1 e6 9. c3 Nc6 10. f4 Nge7 11. Nf3 b5 12. O-O O-O 13. Nf2 b4 14. d4 cxd4
15. cxd4 d5 16. e5 b3 17. axb3 Rxb3 18. g4 Qb6 19. Nd3 Ba6 20. Rxa6 Qxa6
21. Nc5 Qb5 22. Nxb3 Qxb3 23. Qc3 Rb8 24. Rf2 Qxc3 25. bxc3 Nc8 26. Rc2 Na5
27. Nd2 Nb6 28. Bf1 Rb7 29. Ra2 Nac4 30. Nxc4 dxc4 31. Bg2 Rc7 32. Ra5 Bf8
33. f5 Be7 34. d5 exd5 35. Bxd5 gxf5 36. gxf5 Nxd5 37. Rxd5 f6 38. e6 a6
39. Kg2 Kf8 40. Rd4 Ke8 41. Rh4 Bd6 42. Bd4 Rg7+ 43. Kf3 Ke7 44. Rh6 1-0

[Event "ch-Commonwealth"]
[Site "Mumbai IND"]
[Date "2004.01.18"]
[Round "9"]
[White "Ramesh,R"]
[Black "Palit,S"]
[Result "1-0"]
[WhiteElo "2506"]
[BlackElo "2348"]
[EventDate "2004.01.10"]

1. e4 e6 2. d4 d5 3. Nd2 Nf6 4. e5 Nfd7 5. c3 c5 6. Bd3 Nc6 7. Ngf3 Qb6 8.
O-O g6 9. dxc5 Nxc5 10. Nb3 Nxd3 11. Qxd3 Bg7 12. Bf4 O-O 13. Qd2 Qc7 14.
Rfe1 b6 15. Nbd4 Na5 16. b3 Ba6 17. Bh6 Rac8 18. Qf4 Qe7 19. Re3 Rc7 20. h4
Rfc8 21. Rc1 Nb7 22. b4 Bc4 23. a3 Nd8 24. Bxg7 Kxg7 25. Nh2 h5 26. Nhf3
Nc6 27. Nxc6 Rxc6 28. Nd4 R6c7 29. Rf3 a5 30. Qg3 Kh8 31. Re1 axb4 32. axb4
Ra8 33. Rf6 Qe8 34. Kh2 Ra3 35. Re3 Ba2 36. Qg5 Kg7 37. Ref3 Raxc3 38.
Rxf7+ Rxf7 39. Rxc3 Rxf2 40. Rc6 Bb1 41. Rxe6 Qg8 42. Re7+ Rf7 43. Qf6+ 1-0

[Event "ch-Commonwealth"]
[Site "Mumbai IND"]
[Date "2004.01.18"]
[Round "9"]
[White "Rathnakaran,K"]
[Black "Iuldachev,S"]
[Result "1/2-1/2"]
[WhiteElo "2309"]
[BlackElo "2559"]
[EventDate "2004.01.10"]

1. e4 e5 2. Nf3 Nc6 3. Bc4 Nf6 4. d3 Bc5 5. c3 a6 6. O-O Ba7 7. h3 d6 8.
Be3 O-O 9. Nbd2 Ne7 10. Bb3 Ng6 11. d4 h6 12. Re1 Qe7 13. Nf1 Nh7 14. Qd2
Nh4 15. Nxh4 Qxh4 16. dxe5 dxe5 17. Bxa7 Rxa7 18. Ng3 Ra8 19. Qe3 b6 20.
Rad1 g6 21. Rf1 Qf4 22. Qxf4 exf4 23. Ne2 g5 24. Bd5 Rb8 25. Nd4 Bd7 26.
Bc6 1/2-1/2

[Event "ch-Commonwealth"]
[Site "Mumbai IND"]
[Date "2004.01.18"]
[Round "9"]
[White "Fominyh,A"]
[Black "Kunte,A"]
[Result "1/2-1/2"]
[WhiteElo "2559"]
[BlackElo "2512"]
[EventDate "2004.01.10"]

1. Nf3 Nf6 2. c4 e6 3. g3 d5 4. d4 Bb4+ 5. Nbd2 O-O 6. Bg2 c5 7. cxd5 Qxd5
8. a3 Bxd2+ 9. Qxd2 cxd4 10. Qxd4 Qb5 11. a4 Qf5 12. Ne5 Nbd7 13. Bf4 Nxe5
14. Qxe5 Qxe5 15. Bxe5 Nd5 16. O-O-O Bd7 17. e4 Rfc8+ 18. Kb1 Nb6 19. b3
Bc6 20. Bd4 Rd8 21. Kb2 Rd7 22. a5 Rad8 23. axb6 axb6 24. Kc3 e5 25. Bxb6
Rxd1 26. Bxd8 Rxd8 27. f3 Kf8 28. Ra1 Ke7 29. Bf1 Kd6 30. Bc4 f6 31. b4
1/2-1/2

[Event "ch-Commonwealth"]
[Site "Mumbai IND"]
[Date "2004.01.18"]
[Round "9"]
[White "Ravi,L"]
[Black "Dzhumaev,M"]
[Result "0-1"]
[WhiteElo "2462"]
[BlackElo "2498"]
[EventDate "2004.01.10"]

1. d4 f5 2. g3 Nf6 3. Bg2 g6 4. Nf3 Bg7 5. O-O O-O 6. c4 d6 7. Nc3 Qe8 8.
Nd5 Nxd5 9. cxd5 Qb5 10. Ng5 c6 11. a4 Qb6 12. Be3 h6 13. Ne6 Bxe6 14. dxe6
d5 15. Qd2 Na6 16. a5 Qb4 17. Qxb4 Nxb4 18. Rfc1 g5 19. Bd2 Na6 20. e3 Nc7
21. Bb4 Rae8 22. Ra3 a6 23. Rb3 Rf6 24. Bh3 Nb5 25. Ba3 Kf8 26. Bc5 g4 27.
Bf1 Rxe6 28. h3 gxh3 29. Bxh3 Rf6 30. f4 Kf7 31. Kf2 e6 32. Bf1 Ra8 33. Be2
Bf8 34. Bh5+ Kg7 35. Bb6 Bd6 36. Rd3 Kf8 37. g4 Ke7 38. gxf5 Rxf5 39. Rh1
Rg8 40. Kf3 Rf6 41. Rd2 Bc7 42. Bc5+ Kd7 43. b4 Nc3 44. Rg2 Rxg2 45. Kxg2
Bd6 0-1

[Event "ch-Commonwealth"]
[Site "Mumbai IND"]
[Date "2004.01.18"]
[Round "9"]
[White "Poobesh Anand,S"]
[Black "Sundararajan,K"]
[Result "1/2-1/2"]
[WhiteElo "2360"]
[BlackElo "2437"]
[EventDate "2004.01.10"]

1. d4 Nf6 2. c4 e6 3. Nc3 Bb4 4. e3 b6 5. Nf3 Bb7 6. Bd3 O-O 7. O-O c5 8.
Bd2 d5 9. cxd5 cxd4 10. exd4 Nxd5 11. Ng5 Nf6 12. Be2 1/2-1/2

[Event "ch-Commonwealth"]
[Site "Mumbai IND"]
[Date "2004.01.18"]
[Round "9"]
[White "Smirnov,P"]
[Black "Thipsay,P"]
[Result "1-0"]
[WhiteElo "2609"]
[BlackElo "2486"]
[EventDate "2004.01.10"]

1. e4 e5 2. Nf3 Nc6 3. Bb5 a6 4. Bc4 Nf6 5. O-O Be7 6. Re1 b5 7. Bb3 d6 8.
c3 O-O 9. h3 Na5 10. Bc2 c5 11. d4 Nd7 12. Nbd2 exd4 13. cxd4 Nc6 14. d5
Nce5 15. a4 b4 16. Nxe5 Nxe5 17. f4 Ng6 18. Nc4 a5 19. e5 Bb7 20. Qd3 Bh4
21. g3 dxe5 22. f5 Qxd5 23. Qxd5 Bxd5 24. gxh4 Nxh4 25. Nxe5 Rae8 26. Bg5
Ng2 27. Re2 f6 28. Rd2 Rxe5 29. Rxd5 Rxd5 30. Bb3 fxg5 31. Bxd5+ Kh8 32.
Kxg2 Rxf5 33. Re1 g6 34. Bc4 h5 35. Re6 Rf4 36. b3 Kg7 37. Ra6 g4 38. Rxa5
gxh3+ 39. Kxh3 Rf5 40. Ra7+ Kh6 41. a5 g5 42. Rf7 1-0

[Event "ch-Commonwealth"]
[Site "Mumbai IND"]
[Date "2004.01.18"]
[Round "9"]
[White "Vakhidov,T"]
[Black "Vijayalakshmi,S"]
[Result "1/2-1/2"]
[WhiteElo "2515"]
[BlackElo "2444"]
[EventDate "2004.01.10"]

1. c4 c5 2. Nc3 b6 3. Nf3 Bb7 4. e4 d6 5. d4 cxd4 6. Nxd4 Nf6 7. f3 a6 8.
Be3 e6 9. Be2 Nbd7 10. O-O Be7 11. a4 O-O 12. a5 d5 13. cxd5 exd5 14. exd5
Nxd5 15. Nxd5 Bxd5 16. Nf5 Be6 17. Nxe7+ Qxe7 18. axb6 Bc4 19. Bxc4 Qxe3+
20. Kh1 Nxb6 21. Bxa6 Rad8 22. Qe1 Qh6 1/2-1/2

[Event "ch-Commonwealth"]
[Site "Mumbai IND"]
[Date "2004.01.18"]
[Round "9"]
[White "Short,N"]
[Black "Harikrishna,P"]
[Result "1-0"]
[WhiteElo "2702"]
[BlackElo "2582"]
[EventDate "2004.01.10"]

1. e4 e6 2. d4 d5 3. Nc3 dxe4 4. Nxe4 Nd7 5. Nf3 Be7 6. Bd3 Ngf6 7. Nxf6+
Bxf6 8. O-O c5 9. c3 cxd4 10. cxd4 O-O 11. Qc2 g6 12. Re1 Nb6 13. Be4 Nd5
14. Bh6 Bg7 15. Bxg7 Kxg7 16. Rac1 Nf6 17. Qc7 Qxc7 18. Rxc7 Ne8 19. Rc3 f6
20. g4 g5 21. Bc2 Bd7 22. Bb3 Kf7 23. Nd2 Rd8 24. Ne4 Bc6 25. Nc5 Rxd4 26.
Nxe6 Rxg4+ 27. Rg3 Rxg3+ 28. hxg3 Rh8 29. Nxg5+ Kg6 30. Nf7 Rf8 31. Re7 Ng7
32. Bc2+ Kh5 33. Nd6 Kh6 34. g4 f5 35. gxf5 Bd5 36. Kh2 Rf6 37. Rd7 Nh5 38.
Nxb7 Bc6 39. Rc7 Kg5 40. Rxh7 Nf4 41. Nc5 Rd6 42. Be4 Bb5 43. a4 Be2 44. b4
a6 45. Ne6+ Nxe6 46. fxe6 Rxe6 47. Bg2 Rb6 48. Rb7 Rh6+ 49. Kg3 Kf5 50.
Bh3+ Ke4 51. Re7+ Kd3 52. Bg4 Bxg4 53. Kxg4 Rg6+ 54. Kf5 Rb6 55. b5 axb5
56. axb5 Rxb5+ 57. Kg4 Rb8 58. f4 Rg8+ 59. Kh5 Rf8 60. Kg5 Rg8+ 61. Kf6
Rf8+ 62. Ke5 Ke3 63. f5 Kf3 64. f6 1-0

[Event "ch-Commonwealth"]
[Site "Mumbai IND"]
[Date "2004.01.18"]
[Round "9"]
[White "Ravi,Th"]
[Black "Conquest,S"]
[Result "1/2-1/2"]
[WhiteElo "2353"]
[BlackElo "2543"]
[EventDate "2004.01.10"]

1. e4 d6 2. d4 Nf6 3. Nc3 g6 4. h3 Bg7 5. Be3 a6 6. a4 b6 7. Bc4 Nc6 8. d5
Ne5 9. Ba2 O-O 10. f4 Ned7 11. Qf3 b5 12. a5 Bb7 13. Nge2 c5 14. dxc6 Bxc6
15. O-O b4 16. Nd4 Bb7 17. Nd5 e6 18. Nxb4 Bxe4 19. Qe2 Nc5 20. Bc4 Bb7 21.
Nb3 Nce4 22. Rfd1 Qc8 23. Bd3 Re8 24. Bd4 e5 25. fxe5 dxe5 26. Bb6 h5 27.
Qe3 Kh7 28. Rf1 Bh6 29. Qe1 Bf4 30. Be3 Bxe3+ 31. Qxe3 Kg7 32. Rac1 Qc7 33.
Qf3 Qe7 34. Bxe4 1/2-1/2

[Event "ch-Commonwealth"]
[Site "Mumbai IND"]
[Date "2004.01.18"]
[Round "9"]
[White "Ganguly,S"]
[Black "Yogesh,G"]
[Result "1-0"]
[WhiteElo "2541"]
[BlackElo "2268"]
[EventDate "2004.01.10"]

1. e4 e6 2. d4 d5 3. Nc3 Be7 4. e5 c5 5. dxc5 Nc6 6. Nf3 Bxc5 7. Bd3 Nge7
8. O-O Ng6 9. Bg5 Be7 10. Bxe7 Qxe7 11. Re1 a6 12. Qd2 b5 13. Qe3 Bb7 14.
Ne2 O-O 15. Ned4 Rae8 16. a4 Nxd4 17. Qxd4 b4 18. a5 Rb8 19. h4 f5 20. exf6
Rxf6 21. Bxg6 hxg6 22. Ne5 Rff8 23. Re2 g5 24. hxg5 Rf4 25. Qb6 d4 26. Ng6
Qxg5 27. Nxf4 1-0

[Event "ch-Commonwealth"]
[Site "Mumbai IND"]
[Date "2004.01.18"]
[Round "9"]
[White "Sareen,V"]
[Black "Tilak,S"]
[Result "1/2-1/2"]
[WhiteElo "2371"]
[BlackElo "2310"]
[EventDate "2004.01.10"]

1. e4 c5 2. Nf3 e6 3. d4 cxd4 4. Nxd4 Nf6 5. Nc3 d6 6. Be2 a6 7. O-O Be7 8.
f4 Nc6 9. Be3 Qc7 10. Kh1 O-O 1/2-1/2

[Event "ch-Commonwealth"]
[Site "Mumbai IND"]
[Date "2004.01.18"]
[Round "9"]
[White "Gopal,G"]
[Black "Singh,G"]
[Result "1/2-1/2"]
[WhiteElo "2233"]
[BlackElo "2360"]
[EventDate "2004.01.10"]

1. e4 e6 2. d3 d5 3. Nd2 c5 4. Ngf3 Nc6 5. g3 Bd6 6. Bg2 Nge7 7. O-O O-O 8.
Nh4 f6 9. f4 Bd7 10. c3 Kh8 11. f5 Ne5 12. d4 cxd4 13. cxd4 Qb6 14. Nb3
dxe4 15. Bxe4 exf5 16. Nxf5 Nxf5 17. Bxf5 Rad8 18. Bxd7 Rxd7 19. Be3 Nc4
20. Bf2 Nxb2 21. Qc2 Na4 22. d5 Qc7 23. Qf5 Nc5 24. Rac1 b6 25. Nd4 Qb7 26.
Ne6 Nxe6 27. dxe6 Re7 28. Rfd1 g6 29. Qg4 Ba3 30. Rc3 Bb2 31. Rb3 f5 32.
Qe2 Bf6 33. Bd4 Qc6 34. Be5 Rxe6 1/2-1/2

[Event "ch-Commonwealth"]
[Site "Mumbai IND"]
[Date "2004.01.18"]
[Round "9"]
[White "Swathi,G"]
[Black "Neelotpal,D"]
[Result "1/2-1/2"]
[WhiteElo "2297"]
[BlackElo "2461"]
[EventDate "2004.01.10"]

1. e4 c5 2. Nf3 d6 3. Bb5+ Nd7 4. d4 Ngf6 5. Nc3 a6 6. Bxd7+ Nxd7 7. O-O e6
8. Bg5 Qc7 9. dxc5 Nxc5 10. a4 Nd7 11. Qd4 Ne5 12. Nd2 f6 13. Be3 Be7 14.
Kh1 Ng4 15. Bf4 O-O 16. Bg3 Bd7 17. h3 Ne5 18. f4 Nc6 19. Qe3 Nb4 20. Rac1
e5 21. Na2 Nxa2 22. Qb3+ Kh8 23. Qxa2 b5 24. axb5 axb5 25. Qb3 Qb7 26. Kh2
Bc6 27. Ra1 d5 28. Rxa8 Rxa8 29. fxe5 dxe4 30. Qe3 Qd7 31. Nb3 Qd5 32. Rf2
fxe5 33. Rd2 Qe6 34. Nc5 Qf5 35. Rf2 Qg5 36. Qc3 b4 37. Qc4 Qg6 38. Re2
Bxc5 39. Qxc5 b3 40. cxb3 h6 41. Rc2 Bd7 42. Qd5 Qe8 43. Qxe4 Rb8 44. Qxe5
Qxe5 45. Bxe5 Rxb3 46. Rc7 1/2-1/2

[Event "ch-Commonwealth"]
[Site "Mumbai IND"]
[Date "2004.01.18"]
[Round "9"]
[White "Sharma,Vi"]
[Black "Prasad,D"]
[Result "0-1"]
[WhiteElo "2208"]
[BlackElo "2395"]
[EventDate "2004.01.10"]

1. d4 Nf6 2. c4 g6 3. Nc3 d5 4. Nf3 Bg7 5. Qb3 dxc4 6. Qxc4 a6 7. e4 b5 8.
Qb3 O-O 9. e5 Nfd7 10. h4 c5 11. e6 c4 12. Qc2 Nf6 13. exf7+ Rxf7 14. Ne5
Rf8 15. Be3 Bf5 16. Qd2 Nbd7 17. Be2 Nxe5 18. dxe5 Ne4 19. Nxe4 Bxe4 20. f3
Qxd2+ 21. Bxd2 Bd5 22. Bc3 e6 23. h5 Rf5 24. g4 Rf7 25. hxg6 hxg6 26. O-O
Bh6 27. a4 Rb8 28. Bd4 Bf4 29. axb5 axb5 30. Kg2 Rd8 31. Bb6 Rdd7 32. Ra5
Bc6 33. b3 Rd2 34. Rf2 cxb3 35. Ra3 Bd5 0-1

[Event "ch-Commonwealth"]
[Site "Mumbai IND"]
[Date "2004.01.18"]
[Round "9"]
[White "Roy Chowdhury,S"]
[Black "Lahiri,A"]
[Result "1/2-1/2"]
[WhiteElo "2400"]
[BlackElo "2325"]
[EventDate "2004.01.10"]

1. d4 Nf6 2. Nf3 g6 3. g3 Bg7 4. Bg2 O-O 5. O-O d6 6. c4 Nbd7 7. Nc3 e5 8.
e4 exd4 9. Nxd4 Re8 10. h3 Nc5 1/2-1/2

[Event "ch-Commonwealth"]
[Site "Mumbai IND"]
[Date "2004.01.18"]
[Round "9"]
[White "Babu,NS"]
[Black "Koneru,H"]
[Result "0-1"]
[WhiteElo "2339"]
[BlackElo "2498"]
[EventDate "2004.01.10"]

1. d4 d6 2. c4 Nd7 3. e4 e5 4. Be3 Ngf6 5. Nc3 exd4 6. Bxd4 c6 7. Be2 Be7
8. Nf3 Qc7 9. O-O O-O 10. Re1 Re8 11. Nd2 b6 12. f4 Bb7 13. Bf3 Rad8 14.
Kh1 Nc5 15. Qc2 Ne6 16. Be3 d5 17. f5 Nf8 18. e5 N6d7 19. Bf4 d4 20. f6
Bxf6 21. exf6 Qxf4 22. fxg7 Ng6 23. Ne2 Qh4 24. Ng3 Rxe1+ 25. Rxe1 Nde5 26.
c5 bxc5 27. Be4 c4 28. Bxg6 Nxg6 29. Qe4 c5 0-1